000 00386pab a2200157 454500
008 180718b2003 xxu||||| |||| 00| 0 eng d
100 _aFafchamps, Marcel
245 _aThe spatial division of labour in Nepal
260 _c2003
300 _ap.23-66.
362 _aAug
650 _aLabour
700 _aShilpi, Forhad
773 _aJournal of Development Studies
909 _a58204
999 _c58204
_d58204